Name the flags of all countries in Oceania ( + Territories ) - Statistics

General Stats
  • This quiz has been taken 44 times
    37 since last reset
  • The average score is 11 of 20
Answer Stats
Picture Answer % Correct
Australia
96%
Hawaii
80%
Marshall Islands
76%
Fiji
72%
New Zealand
68%
Guam
64%
Samoa
64%
Solomon Islands
64%
Tonga
64%
Vanuatu
64%
American Samoa
60%
Cook Islands
60%
Palau
60%
Tuvalu
60%
Christmas Island
44%
Cocos Islands
36%
The Federated States of Micronesia
32%
Guinea Pig
20%
Papau New Guinea
16%
Wallis and Fatuna
12%
No matching quizzes found
Score Distribution
Percent of People with Each Score
Percentile by Number Answered
Your Score History
You have not taken this quiz since the last reset